00851nab a2200217 uc450000100070000000500170000700800410002403500110006503500210007604000130009704100080011010000400011824500610015850002100021965000200042965000170044965000160046665000190048265000310050177301010053262029620240831091611.0000908e19750605 spa  a620296 a(OCoLC)819842173 ccomduadb aspa10aBohorquez de Raigoza, Luz4auteaut10aSemblanza de don Fernando Prieto Arango, poeta jericoano aCentro de historia de Jerico 1974 trabajo presentado, por la se?ora Luz Bohorquez de R. miembro numerario del centro de historia de Jerico en la 3. asamblea departamental de historia en Sonson (Antioquia). 7aDiscursos2lemb 7aPoetas2lemb aBiografiado 7aPoesía2lemb 7aPoetas antioqueños2lemb0 tJericó (Antioquia)gVolumen 02, Número 05, Junio de 1975, 414-418w610099x0122-25030183518